Historia universal de la literatura : (Record no. 120808)
[ view plain ]
| 000 -LEADER | |
|---|---|
| campo de control de longitud fija | 02324nam a2200217 i 4500 |
| 001 - NÚMERO DE CONTROL | |
| campo de control | 120808 |
| 003 - IDENTIFICADOR DE NÚMERO DE CONTROL | |
| campo de control | ES-MaACL |
| 005 - FECHA Y HORA DE LA ÚLTIMA TRANSACCIÓN | |
| campo de control | 20230906191627.0 |
| 007 - CAMPO FIJO DE DESCRIPCIÓN FÍSICA--INFORMACIÓN GENERAL | |
| campo de control de longitud fija | t| |
| 008 - DATOS DE LONGITUD FIJA--INFORMACIÓN GENERAL | |
| campo de control de longitud fija | 070214m19401942ag af |||| | spa d |
| 100 1# - ENTRADA PRINCIPAL--NOMBRE DE PERSONA | |
| Nombre de persona | Prampolini, Giacomo. |
| 9 (RLIN) | 93651 |
| 245 10 - MENCIÓN DEL TÍTULO | |
| Título | Historia universal de la literatura : |
| Resto del título | versión en español / |
| Mención de responsabilidad, etc. | Giacomo Prampolini ; director José Pijoán ; traductor Dante Ponzanelli y Julio Jiménez Rueda. |
| 260 ## - PUBLICACIÓN, DISTRIBUCIÓN, ETC. | |
| Lugar de publicación, distribución, etc. | Buenos Aires : |
| Nombre del editor, distribuidor, etc. | Uteha Argentina, |
| Fecha de publicación, distribución, etc. | 1940-1942. |
| 300 ## - DESCRIPCIÓN FÍSICA | |
| Extensión | 13 v., 93 lám. : |
| Otras características físicas | il. ; |
| Dimensiones | 26 cm + |
| Material acompañante/anejo | 1 plano pleg. |
| 505 8# - NOTA DE CONTENIDO CON FORMATO | |
| Nota de contenido con formato | Contiene: I: Literaturas china, japonesa, india y árabe - II: Literaturas persa, turca, egipcia, babilónico-asiria y griega - III: Literaturas romana, cristiana y bizantina, latinamedieval (hasta los siglos IX-X) - IV: Literaturas latina medieval (conclusión), hebraíca medieval y célticas - V: Literaturas germánica primitiva, anglosajona, alemana, islandesa, romances, e italiana en los siglos XIV-XVI - VI: Literaturas italiana en los siglos XIV-XVII (cont.), germánica inglesa e ibérica - VII: Literaturas ibérica y francesa hasta fin de siglo XVI; España Francia e Inglaterra (siglo XVII) - VIII: Literatura de Holanda (siglo XVII); El setecientos en Francia e Inglaterra; Alemania hasta Schiller y Goethe; Francia (siglo XIX), hasta la guerra europea - IX: El siglo XIX: las literaturas de Francia, Alemania e Italia hasta la guerra europea (continuación): las literaturas anglosajonas y nórdicas - X: Inglaterra (continuación), Estados Unidos, Holanda, Frisia, Transvaal y Flandes, Dinamarca, Suecia y Finlandia sueca, Islandia y Noruega - XI: Ibéricas: castellana, catalana, gallega, portuguesa, ibero-americanas: México-Cuba - XII: Literaturas ibero-americanas (cont.): Cuba, Santo Domingo, Puerto Rico, Guatemala, Nicaragua, Honduras, El Salvador, Costa Rica, Panamá, Venezuela, Colombia, Ecuador, Perú, Bolivia, Paraguay, Brasil, Chile, Uruguay, Argentina - XIII: Las literaturas eslavas; Las otras literaturas de Europa oriental; Las literaturas de Francia, Inglaterra, Alemania e Italia, desde 1915 en adelante |
| 650 ## - PUNTO DE ACCESO ADICIONAL DE MATERIA--TÉRMINO DE MATERIA | |
| Término de materia o nombre geográfico como elemento de entrada | Literatura- |
| Subdivisión general | Historia y crítica. |
| 9 (RLIN) | 14489 |
| 700 1# - ENTRADA AGREGADA--NOMBRE PERSONAL | |
| Nombre de persona | Pijoán, José. |
| 9 (RLIN) | 92010 |
| 700 1# - ENTRADA AGREGADA--NOMBRE PERSONAL | |
| Nombre de persona | Ponzanelli, Dante. |
| 9 (RLIN) | 93071 |
| 700 1# - ENTRADA AGREGADA--NOMBRE PERSONAL | |
| Nombre de persona | Jiménez Rueda, Julio. |
| 9 (RLIN) | 66606 |
| 852 ## - LOCALIZACIÓN | |
| Ubicación | ES-MaACL |
| Número de control de estantería | C-8677-89 |
| Estatus retirado | Estado de pérdida | Estado de daño | No para préstamo | Biblioteca de origen | Biblioteca actual | Ubicación en estantería | Fecha de adquisición | Fuente de adquisición | Total de préstamos | Signatura topográfica completa | Código de barras | Visto por última vez | Precio de reemplazo | Tipo de ítem Koha |
|---|---|---|---|---|---|---|---|---|---|---|---|---|---|---|
| Biblioteca del Ateneo de Madrid | Biblioteca del Ateneo de Madrid | Sala Palomar | 17/01/2008 | C-8677-89 | 1125916 | 23/02/2023 | 23/02/2023 | Libro impreso |
